| 000 | 00448pab a2200181 454500 | ||
|---|---|---|---|
| 008 | 180718b2003 xxu||||| |||| 00| 0 eng d | ||
| 100 | _aRamachandran, B. | ||
| 245 | _aPoverty alleviation under new economic policy | ||
| 260 | _c2003 | ||
| 300 | _ap.31-33. | ||
| 362 | _aFeb | ||
| 650 | _aIndia - Economic policy | ||
| 650 | _aEconomic policy | ||
| 650 | _aPoverty - India | ||
| 650 | _aPoverty | ||
| 773 | _aThird Concept | ||
| 909 | _a55537 | ||
| 999 |
_c55537 _d55537 |
||